Palau Güell : plano de la visita (Português) plano de la visita (Português)
Descripción Física:
1 f. plegat en 4 parts ; 21 cm
Materias:
Palau Güell (Barcelona)
MARC
| LEADER | 00000nam a2200000Ia 4500 | ||
|---|---|---|---|
| 001 | 24145 | ||
| 008 | 160829s2020 xx 000 0 cat d | ||
| 080 | |a FU-64-89 | ||
| 245 | |a Palau Güell : |b plano de la visita (Português) | ||
| 260 | |a Barcelona : |b Diputació de Barcelona, |c 2020 | ||
| 300 | |a 1 f. plegat en 4 parts ; |c 21 cm | ||
| 590 | |a Text en portuguès. Hi ha un altre exemplar en castellà amb R. 24128, en francès amb R. 24129, en anglès amb R.24030, en rus amb R.24131, en japonès amb R.24132, en xinès amb R.24133, en alemany amb R. 24134, en italià amb R.24135 i en català amb R.24127 | ||
| 610 | 2 | 0 | |a Palau Güell (Barcelona) |9 17034 |
| 710 | 1 | |a Barcelona (Catalunya : Província). |b Diputació |9 52408 | |
| 856 | |u www.palauguell.cat | ||
| 901 | |a Arxiu | ||
| 942 | |n 1 | ||
| 952 | |0 0 |1 0 |4 0 |6 FU6489 |7 1 |9 55857 |a Arxiu |b Arxiu |d 2016-12-01 |l 0 |o FU-64-89 |p 24145 |r 2016-12-01 00:00:00 |w 2016-12-01 |y ARXIU | ||
| 999 | |c 59730 |d 59730 | ||